000 01459nam a22003497i 4500
999 _c171589
_d171589
005 20190321100905.0
008 190311s2017 cc a c 000 fdchi d
020 _a9787564538170
_qpaperback
_cRM39.60
040 _aPPAK
_beng
_cPPAK
_erda
041 1 _achi
_heng
082 0 4 _a813.52
_223
090 0 0 _a813.52
_bWIL
_dK
100 1 _6880-01
_aWilder, Laura Ingalls,
_d1867-1957
_eauthor.
240 1 0 _aLittle house in the prairie.
_lChinese
245 1 0 _6880-02
_aCao yuan shang de xiao mu wu =
_bLITTLE HOUSE IN THE PRAIRIE /
_c(mei) Luola. Ying ge si. Huai dezhe ; Zhang Jing yizhu
264 1 _6880-03
_aZhengzhou :
_bZhengzhou daxue chuban she,
_c2017
300 _a208 pages :
_billustrations ;
_c22 cm
336 _2rdacontent
_atext
337 _2rdamedia
_aunmediated
338 _2rdacarrier
_avolume
490 1 _6880-04
_aXiao muwu de gushi congshu
650 1 0 _aAmerican fiction
_xTranslations into Chinese
700 1 _6880-05
_aZhang, Jing,
_etranslator.
830 0 _6880-06
_aXiao muwu de gushi congshu
880 1 _6100-01/$1
_a怀德, 罗拉 .英格斯,
_b1867-1957
_eauthor.
880 1 0 _6245-02/$1
_a草原上的小木屋 =
_bLITTLE HOUSE IN THE PRAIRIE /
_c(美)罗拉.英格斯.怀德著;张静译著
880 1 _6264-03/$1
_a郑州 :
_b郑州大学出版社,
_c2017
880 1 _6490-04/$1
_a小木屋的故事丛书
880 1 _6700-05/$1
_a张静,
_etranslator.
880 0 _6830-06/$1
_a小木屋的故事丛书
942 _2ddc
_cB